000 00486nam a2200145 4500
008 050606s1958 -hk chi
090 _aBS498.C5
_bH39p
100 0 _aHenry, Matthew
245 1 0 _aThe pocket Bible commentary vol.8 {ch} /
_cMatthew Henry...[et al.]
260 _aHong Kong :
_bBaptist Press,
_c1960.
300 _a150 p.
630 0 4 _aBible
_xCommentaries {ch}.
700 1 _aScott, Thomas.
951 _pC-7540
_x00032869
_oBS498.C5/H39p-VIII
_j070613111552187
_d2000-12-21
_cCH
999 _c26545
_d26545